000 00532nam a2200181Ia 4500
003 IN-BaIIA
008 211028s9999 xx 000 0 eng d
020 _a0-12-264850-1
040 _cIIA Library
080 _a535
_bFRA
100 _aFrancon, M.
_94622
245 0 _aOptical image formation and processing
_cM. Francon
260 _aNew York
_bAcademic Press
_c1979
300 _axviii, 213p.
650 _aAstronomy and astrophysics thesaurus
650 _aOptics
942 _cBK
999 _c6610
_d6610